| 000 | 00424nam a2200145 a 4500 | ||
|---|---|---|---|
| 001 | 000033287 | ||
| 005 | 20200930070143.0 | ||
| 008 | 110823s1954 dr 000 0 spa d | ||
| 040 |
_aDO-SdBNP _bspa _cBNPHU |
||
| 100 | 1 |
_aCaro, Nestor _928670 |
|
| 245 | 1 | 0 |
_aTrujillo y el derecho agrario / _cNestor Caro. |
| 260 |
_a[Ciudad Trujillo, República Dominicana ] : _b[s.n.], _c1954. |
||
| 300 |
_a131 p. ; _c22 cm. |
||
| 049 | _aBNPD | ||
| 999 |
_c32778 _d32778 |
||